Synergický e-Government

Guardado en:
Detalles Bibliográficos
Autor principal: Lyócsa, Štefan, 1982-
Otros Autores: Tkáč, Michal, 1958-
Formato: Capítulo de libro
Lenguaje:eslovaco
Etiquetas: Agregar Etiqueta
Sin Etiquetas, Sea el primero en etiquetar este registro!

MARC

LEADER 00000naa$a2200000$$$4500
001 0061416
005 20240502071705.0
041 0 |a slo 
044 |a SK 
245 1 0 |a Synergický e-Government  |c Štefan Lyócsa, Michal Tkáč 
100 1 |a Lyócsa, Štefan, 1982- 
700 1 |a Tkáč, Michal, 1958-